Statistics for Biggest City by Length

Click here to take the quiz!

General Stats

  • This quiz has been taken 14 times
  • The average score is 8 of 16

Answer Stats

Length of NameAnswer% Correct
5Tokyo
100%
6Mumbai
92%
10Mexico City
83%
12Rio de Janeiro
83%
8Shanghai
75%
7Beijing
67%
11Buenos Aires
58%
9Chongqing
50%
13Ho Chi Minh City
50%
4Lima
50%
15Saint Petersburg
33%
14Nizhny Novgorod
17%
3Aba
8%
17Naberezhnye Chelny
8%
18Thiruvananthapuram
8%
16Nakhon Ratchasima
0%

Score Distribution

Percentile by Number Answered

Percent of People with Each Score

Your Score History

You have not taken this quiz